[Event "Niteroi op 2nd"]
[Site "Niteroi"]
[Date "2022.09.04"]
[Round "5"]
[White "Pereira, Armando Scharlau"]
[Black "Fernandes, Marcio Rosa"]
[Result "1/2-1/2"]
[WhiteElo "1602"]
[BlackElo "1763"]
[PlyCount "91"]
[EventDate "2022.09.01"]
[EventType "swiss"]
[EventRounds "9"]
[EventCountry "BRA"]
[SourceTitle "CBM 210 Extra"]
[Source "ChessBase"]
[SourceDate "2022.11.30"]
[SourceVersion "1"]
[SourceVersionDate "2022.11.30"]
[SourceQuality "1"]

1. c4 Nf6 2. Nc3 g6 3. g3 Bg7 4. Bg2 c5 5. b3 0-0 6. Bb2 Nc6 7. e3 Rb8 8. Nge2 b6 9. 0-0 Bb7 10. d4 cxd4 11. exd4 e6 12. Ba3 Ne7 13. Rc1 Bxg2 14. Kxg2 Re8 15. Nb5 Ne4 16. f3 a6 17. fxe4 axb5 18. cxb5 Ra8 19. Bxe7 Qxe7 20. a4 Rec8 21. Qd3 f5 22. e5 Bh6 23. Rc2 Qg5 24. Rf3 Rxc2 25. Qxc2 Qd2 26. Rc3 Kf7 27. Qxd2 Bxd2 28. Rc7 Ke7 29. Rc2 Bb4 30. Nf4 Kd8 31. Nd3 Be7 32. Nb2 Rc8 33. Rxc8+ Kxc8 34. Nd3 Kb7 35. Kf3 g5 36. Ke3 d6 37. h3 h5 38. Kf3 Bf8 39. h4 g4+ 40. Ke2 dxe5 41. dxe5 Bh6 42. Nf4 Bxf4 43. gxf4 Kc7 44. b4 Kb7 45. Ke3 Kc7 46. Ke2 1/2-1/2

[Event "Niteroi op 2nd"]
[Site "Niteroi"]
[Date "2022.09.03"]
[Round "4"]
[White "Fernandes, Marcio Rosa"]
[Black "De Carvalho, Amauri"]
[Result "1-0"]
[WhiteElo "1763"]
[BlackElo "1204"]
[PlyCount "97"]
[EventDate "2022.09.01"]
[EventType "swiss"]
[EventRounds "9"]
[EventCountry "BRA"]
[SourceTitle "CBM 210 Extra"]
[Source "ChessBase"]
[SourceDate "2022.11.30"]
[SourceVersion "1"]
[SourceVersionDate "2022.11.30"]
[SourceQuality "1"]

1. c4 d6 2. Nc3 Nf6 3. g3 c6 4. Bg2 e5 5. d3 Nbd7 6. Nf3 Be7 7. 0-0 0-0 8. b3 Rb8 9. Bb2 a6 10. Re1 Re8 11. e4 Nf8 12. d4 Bg4 13. dxe5 Bxf3 14. Qxf3 dxe5 15. Rad1 N6d7 16. Rd3 Qc7 17. Red1 Red8 18. Ne2 Nc5 19. Rxd8 Rxd8 20. Rxd8 Bxd8 21. b4 Ncd7 22. Bh3 Nf6 23. Qd3 Qe7 24. c5 Ng6 25. Kg2 Bc7 26. Ng1 Qd8 27. Qxd8+ Bxd8 28. Bc8 b6 29. cxb6 Bxb6 30. Bxa6 Nxe4 31. Nh3 Nd6 32. a4 f6 33. a5 Ba7 34. Be2 Ne7 35. Ng1 Nb5 36. Bxb5 cxb5 37. Bc1 Nc6 38. Bd2 Kf7 39. Ne2 Nd4 40. Nxd4 Bxd4 41. a6 g5 42. Be3 Ke6 43. Bxd4 exd4 44. a7 Kd5 45. a8Q+ Kc4 46. Qf8 d3 47. Kf3 Kc3 48. Ke3 Kc2 49. Qc5+ 1-0

[Event "BRA-ch U2000 Amateurs"]
[Site "Sao Paulo"]
[Date "2022.06.18"]
[Round "6"]
[White "Sampaio, Andre Luiz"]
[Black "Fernandes, Marcio Rosa"]
[Result "1/2-1/2"]
[WhiteElo "1651"]
[BlackElo "1838"]
[PlyCount "102"]
[EventDate "2022.06.16"]
[EventType "swiss"]
[EventRounds "7"]
[EventCountry "BRA"]
[SourceTitle "CBM 208 Extra"]
[Source "ChessBase"]
[SourceDate "2022.07.31"]
[SourceVersion "1"]
[SourceVersionDate "2022.07.31"]
[SourceQuality "1"]

1. d4 Nf6 2. Nf3 g6 3. Nc3 d5 4. Bf4 a6 5. h3 Bg7 6. Qd2 Nc6 7. Ne5 Bd7 8. f3 e6 9. e4 0-0 10. g4 b5 11. Bg5 b4 12. Nxc6 Bxc6 13. e5 bxc3 14. bxc3 Ne4 15. fxe4 f6 16. exf6 Bxf6 17. Bxf6 Qxf6 18. e5 Qh4+ 19. Kd1 Rf2 20. Qe1 Raf8 21. Bd3 Qg5 22. Rf1 Rxf1 23. Bxf1 Bb5 24. Bxb5 axb5 25. Qe2 c6 26. a4 Qf4 27. Ra2 Qg3 28. axb5 Rf2 29. Ra8+ Kg7 30. Ra7+ Kh6 31. g5+ Kxg5 32. Qg4+ Qxg4+ 33. hxg4 cxb5 34. Rxh7 Kxg4 35. Re7 Kf5 36. Kc1 Ke4 37. Rxe6 b4 38. cxb4 Kxd4 39. b5 Rf7 40. Rxg6 Kxe5 41. Rc6 Rb7 42. b6 d4 43. Kd2 Kd5 44. Rh6 Kc5 45. Kd3 Kd5 46. Rh5+ Kc6 47. Kc4 Rd7 48. Rh6+ Kb7 49. Kc5 d3 50. cxd3 Rxd3 51. Rh7+ Kb8 1/2-1/2

[Event "BRA-ch U2000 Amateurs"]
[Site "Sao Paulo"]
[Date "2022.06.17"]
[Round "3"]
[White "Fernandes, Marcio Rosa"]
[Black "Messias, Jose Vitor Lamosa P"]
[Result "1-0"]
[WhiteElo "1838"]
[BlackElo "1664"]
[PlyCount "45"]
[EventDate "2022.06.16"]
[EventType "swiss"]
[EventRounds "7"]
[EventCountry "BRA"]
[SourceTitle "CBM 208 Extra"]
[Source "ChessBase"]
[SourceDate "2022.07.31"]
[SourceVersion "1"]
[SourceVersionDate "2022.07.31"]
[SourceQuality "1"]

1. c4 e5 2. Nc3 Bb4 3. g3 Bxc3 4. bxc3 d6 5. Bg2 Nf6 6. Rb1 Nc6 7. Nf3 0-0 8. 0-0 Re8 9. d3 e4 10. Nd4 Ne5 11. f4 Neg4 12. h3 exd3 13. hxg4 dxe2 14. Nxe2 Bxg4 15. Bf3 Qd7 16. Nd4 Bxf3 17. Qxf3 Qh3 18. Qg2 Qg4 19. Rxb7 c5 20. Nf3 Ne4 21. Ng5 Nxg3 22. Rb2 Re2 23. Qxa8+ 1-0

[Event "BRA-ch U2000 Amateurs"]
[Site "Sao Paulo"]
[Date "2022.06.17"]
[Round "4"]
[White "Santos, Renan de Souza"]
[Black "Fernandes, Marcio Rosa"]
[Result "0-1"]
[WhiteElo "1617"]
[BlackElo "1838"]
[PlyCount "50"]
[EventDate "2022.06.16"]
[EventType "swiss"]
[EventRounds "7"]
[EventCountry "BRA"]
[SourceTitle "CBM 208 Extra"]
[Source "ChessBase"]
[SourceDate "2022.07.31"]
[SourceVersion "1"]
[SourceVersionDate "2022.07.31"]
[SourceQuality "1"]

1. e4 c5 2. c3 g6 3. Nf3 Bg7 4. Bc4 e6 5. 0-0 Ne7 6. d4 cxd4 7. cxd4 0-0 8. Nc3 d5 9. Bb3 dxe4 10. Nxe4 b6 11. Be3 Bb7 12. Ned2 Nf5 13. Nc4 Nc6 14. Bg5 Bf6 15. Bxf6 Qxf6 16. Nfe5 Rfd8 17. Nxc6 Bxc6 18. Ne5 Rxd4 19. Qc2 Bxg2 20. Rfe1 Bh3 21. Qc6 Qg5+ 22. Kh1 Rad8 23. Nxf7 Kxf7 24. Rxe6 Kg7 25. Rg1 Qxg1+ 0-1

[Event "Niteroi op 1st"]
[Site "Niteroi"]
[Date "2019.09.07"]
[Round "6"]
[White "Fernandes, Marcio Rosa"]
[Black "Lage, Pedro Ferreira"]
[Result "1/2-1/2"]
[WhiteElo "1909"]
[BlackElo "2066"]
[PlyCount "81"]
[EventDate "2019.09.04"]
[EventType "swiss"]
[EventRounds "7"]
[EventCountry "BRA"]
[SourceTitle "EXT 2020"]
[Source "ChessBase"]
[SourceDate "2019.10.17"]
[SourceVersion "1"]
[SourceVersionDate "2019.10.17"]
[SourceQuality "1"]

1. c4 c6 2. g3 d5 3. cxd5 cxd5 4. Bg2 Nc6 5. e3 Nf6 6. Ne2 Bf5 7. 0-0 e6 8. d4 Be7 9. a3 0-0 10. Nbc3 Na5 11. b4 Nc4 12. Nf4 Rc8 13. Nce2 Qb6 14. Nd3 a5 15. bxa5 Qxa5 16. Ne5 Ne4 17. g4 Bg6 18. Nxg6 hxg6 19. Bxe4 dxe4 20. Ng3 Qd5 21. Rb1 Ra8 22. a4 Ra5 23. Qb3 b6 24. Nxe4 Qxe4 25. f3 Qd5 26. Kg2 Rfa8 27. Ra1 b5 28. Qd3 Rxa4 29. Rxa4 Rxa4 30. e4 Qa8 31. Bf4 g5 32. Bg3 Ra3 33. Qb1 Ne3+ 34. Kh3 Nxf1 35. Qxf1 Qa5 36. d5 exd5 37. exd5 Qc3 38. Qxb5 Qxf3 39. Qb8+ Bf8 40. Qb1 Qxd5 41. Qh7+ 1/2-1/2

[Event "Rio de Janeiro Estadual op"]
[Site "Rio de Janeiro"]
[Date "2015.06.06"]
[Round "3"]
[White "Fernandes, Marcio Rosa"]
[Black "Dos Santos, Vitor Eduardo Mello"]
[Result "1-0"]
[WhiteElo "1857"]
[BlackElo "2088"]
[PlyCount "57"]
[EventDate "2015.06.04"]
[EventType "swiss"]
[EventRounds "6"]
[EventCountry "BRA"]
[SourceTitle "CBM 167 Extra"]
[Source "ChessBase"]
[SourceDate "2015.09.14"]
[SourceVersion "1"]
[SourceVersionDate "2015.09.14"]
[SourceQuality "1"]

1. d4 Nf6 2. c4 e6 3. a3 c5 4. e3 b6 5. Nf3 Bb7 6. g3 g6 7. Bg2 Bg7 8. 0-0 0-0 9. Nc3 Ne4 10. Nxe4 Bxe4 11. Bd2 d5 12. cxd5 Qxd5 13. Bc3 cxd4 14. exd4 Rd8 15. Re1 f5 16. Nh4 Bxg2 17. Nxg2 g5 18. Qh5 h6 19. Qg6 e5 20. Rxe5 Qf7 21. Qxf5 Bxe5 22. Qxe5 Nd7 23. Qe2 Nf6 24. Ne3 Re8 25. Qd3 Ne4 26. Rf1 Rad8 27. f4 Qe6 28. f5 Qd5 29. Nxd5 1-0

[Event "Rio de Janeiro Estadual op"]
[Site "Rio de Janeiro"]
[Date "2015.06.06"]
[Round "4"]
[White "Fernandes, Marcio Rosa"]
[Black "Teixeira, Ricardo da Silva"]
[Result "0-1"]
[WhiteElo "1857"]
[BlackElo "2220"]
[PlyCount "68"]
[EventDate "2015.06.04"]
[EventType "swiss"]
[EventRounds "6"]
[EventCountry "BRA"]
[SourceTitle "CBM 167 Extra"]
[Source "ChessBase"]
[SourceDate "2015.09.14"]
[SourceVersion "1"]
[SourceVersionDate "2015.09.14"]
[SourceQuality "1"]

1. d4 e6 2. c4 f5 3. a3 Nf6 4. Nc3 d5 5. Nf3 Bd6 6. e3 c6 7. cxd5 exd5 8. g3 Nbd7 9. Bg2 0-0 10. 0-0 Ne4 11. Nxe4 fxe4 12. Nd2 Nf6 13. f4 exf3 14. Nxf3 Qe7 15. Qe1 Bf5 16. Ne5 Bxe5 17. dxe5 Qxe5 18. Qb4 Be4 19. Bd2 Bxg2 20. Kxg2 Ne4 21. Rae1 a5 22. Bc3 axb4 23. Bxe5 Rxf1 24. Rxf1 bxa3 25. bxa3 Rxa3 26. Rb1 Ra2+ 27. Kh3 b5 28. Ra1 Rxa1 29. Bxa1 b4 30. Kg2 b3 31. Kf3 Nd2+ 32. Ke2 Nc4 33. e4 dxe4 34. Bc3 b2 0-1